LEADER 01402nam2 2200421 450 001 000004127 005 20070503173200.0 010 $a0-12-613514-2 100 $a--------d1981----km-y0itay0103----ba 101 0 $aeng 102 $aUS 200 1 $a<<14:>> Tense and Aspect$fedited by Philip J. Tedeschi, Annie Zaenen 200 1 $a1 $n0002242 210 $d1981 215 $aXVII, 301 p. 461 $1001000001365$12001$aSyntax and Semantics 606 $aGrammatica 676 $a415 702 1$aTedeschi,$bPhilip$aZaenen,$bAnnie 801 0$aIT$bUniversitą della Basilicata - B.I.A.$gRICA$2unimarc 912 $a000004127 996 $aTense and Aspect$973764 997 $aUNIBAS BAS $aMONLET BAS $aMONOGR BAS $aLETTERE CAT $aGIORDANO$b10$c20000214$lBAS01$h1046 CAT $c20000920$lBAS01$h1832 CAT $c20001010$lBAS01$h1635 CAT $c20050601$lBAS01$h1753 CAT $abatch$b01$c20050718$lBAS01$h1048 CAT $c20050718$lBAS01$h1107 CAT $c20050718$lBAS01$h1137 CAT $c20050718$lBAS01$h1151 CAT $aBATCH$b00$c20070503$lBAS01$h1732 FMT LKR $aup$b1365$lBAS01$mTense and Aspect$nSyntax and Semantics Z30 -1$lBAS01$LBAS01$mBOOK$1BASA1$APolo Storico-Umanistico$2GEN$BCollezione generale$3FM/11402/Arm.14$9FM/11402/Arm.14$611402$5L11402$820000214$b14$f02$FPrestabile Generale$hvol.14 LEADER 01172nam 2200409 450 001 9910480839503321 005 20191029112317.0 010 $a1-910979-77-5 010 $a1-910979-78-3 035 $a(CKB)4100000009443965 035 $a(MiAaPQ)EBC5909528 035 $a(EXLCZ)994100000009443965 100 $a20191029d2019 uy 0 101 0 $aeng 135 $aurcnu|||||||| 181 $ctxt$2rdacontent 182 $cc$2rdamedia 183 $acr$2rdacarrier 200 12$aA woman in law $ereflections on gender, class and politics /$fCelia Wells ; with a foreword by Nicola Lacey 210 1$aHook, Hampshire :$cWaterside Press,$d[2019] 210 4$d©2019 215 $a1 online resource (200 pages) $cillustrations 300 $aIncludes index. 311 $a1-909976-66-0 606 $aLaw teachers$zGreat Britain 608 $aElectronic books. 615 0$aLaw teachers 676 $a340.071141 700 $aWells$b Celia$0476676 702 $aLacey$b Nicola 801 0$bMiAaPQ 801 1$bMiAaPQ 801 2$bMiAaPQ 906 $aBOOK 912 $a9910480839503321 996 $aA woman in law$92211416 997 $aUNINA LEADER 01612oam 2200481Ia 450 001 9910702128103321 005 20121002092458.0 035 $a(CKB)5470000002424860 035 $a(OCoLC)811610620 035 $a(EXLCZ)995470000002424860 100 $a20121002d1986 ua 0 101 0 $aeng 135 $aurbn||||||||| 181 $ctxt$2rdacontent 182 $cc$2rdamedia 183 $acr$2rdacarrier 200 10$aAnalytical determination of propeller performance degradation due to ice accretion$b[electronic resource] /$fThomas L. Miller 210 1$aCleveland, Ohio :$cSverdrup Technology, Inc. :$cLewis Research Center,$d[1986] 215 $a1 online resource (v, 131 pages) $cillustrations 225 1 $aNASA contractor report ;$v175092 300 $aTitle from title screen (viewed on Oct. 2, 2012). 300 $a"April 1986." 320 $aIncludes bibliographical references (pages 57-61). 606 $aDegradation$2nasat 606 $aIce formation$2nasat 606 $aIncompressible flow$2nasat 606 $aInviscid flow$2nasat 606 $aPropellers$2nasat 615 7$aDegradation. 615 7$aIce formation. 615 7$aIncompressible flow. 615 7$aInviscid flow. 615 7$aPropellers. 700 $aMiller$b Thomas L$084937 712 02$aSverdrup Technology, Inc. 712 02$aLewis Research Center. 801 0$bGPO 801 1$bGPO 801 2$bGPO 906 $aBOOK 912 $a9910702128103321 996 $aAnalytical determination of propeller performance degradation due to ice accretion$93449681 997 $aUNINA